chandler's dance styles dwts season 33 - Statistics

General Stats
  • This quiz has been taken 21 times
  • The average score is 11 of 14
Answer Stats
Hint style % Correct
week 8 (latin dance) salsa
100%
week 4 contemporary
85%
week 9 (final dance) freestyle
85%
week 5 (team dance) freestyle/team freestyle
85%
week 3 (night 2) jive
85%
week 9 (redemption dance) jive
85%
week 1 tango
85%
week 7 (dance 1) argentine tango
77%
week 8 (ballroom dance) foxtrot
77%
week 2 rumba
77%
week 6 viennese waltz
77%
week 3 (night 1) cha-cha-cha
69%
week 7 (instant dance) cha-cha-cha
69%
week 5 paso doble
62%
No matching quizzes found
Score Distribution
Percent of People with Each Score
Percentile by Number Answered
Your Score History
You have not taken this quiz